000 00552nam a2200229Ia 4500
003 OSt
005 20220924150433.0
006 a|||||r|||| 00| 0
007 ta
008 220923b |||||||| |||| 00| 0 tel d
024 _a333125
037 _cTextual
040 _aARTS
_cARTS
_btel
041 _2tel
_atel
082 _aO35,1NSA3,1, M0
100 _aSarada
_9221538
245 0 _aBhavaragini
260 _c1980
650 _aTELUGU POETRY
942 _hO35,1NSA3,1, M0
_cTEXL
_2CC
999 _c463326
_d463326